Na poistenie na dovolenku nezabúdame
Ponuka v rámci cestovného poistenia na Slovensku. Čo všetko sa može pripoistiť. Poistka je aj o výnimkách. Poistené by mali byť aj cestovné kancelárie. Prehľad cien za poistky v jednotlivých poisťovniach. Uzatvorenie zmluvy. Postup pri nehode.
Enregistré dans:
| Format: | Chapitre de livre |
|---|---|
| Langue: | slovaque |
| Sujets: | |
| Tags: |
Pas de tags, Soyez le premier à ajouter un tag!
|
MARC
| LEADER | 00000naa a2200000 4500 | ||
|---|---|---|---|
| 001 | r049071 | ||
| 005 | 20230925124544.8 | ||
| 041 | 0 | |a slo | |
| 044 | |a SK | ||
| 245 | 1 | 0 | |a Na poistenie na dovolenku nezabúdame |
| 520 | |a Ponuka v rámci cestovného poistenia na Slovensku. Čo všetko sa može pripoistiť. Poistka je aj o výnimkách. Poistené by mali byť aj cestovné kancelárie. Prehľad cien za poistky v jednotlivých poisťovniach. Uzatvorenie zmluvy. Postup pri nehode. | ||
| 610 | 2 | 0 | |a poistenie cestovné |
| 610 | 2 | 0 | |a poistenie vecí |
| 610 | 2 | 0 | |a poistenie zahraničné |
| 610 | 2 | 0 | |a zmluvy poistné |
| 610 | 2 | 0 | |a ruch cestovný |
| 610 | 2 | 0 | |a kancelárie cestovné |
| 610 | 2 | 0 | |a pripoistenie |
| 610 | 2 | 0 | |a udalosti poistné |